Economics

Detalles Bibliográficos
Formato: Revista
Lenguaje:inglés
Publicado: Kiel : Universitaet Kiel, 2007-
Materias:
Acceso en línea:http://www.vlex.com/source/7186

MARC

LEADER 00000nas a22000007a 4500
005 20130315153234.0
007 cr|||| ||||
008 130315c20079999gw u|p s|||| 0|||a1eng d
022 |a 18646042  
035 |a 7186 
040 |a vLex 
090 |c 3943  |d 3943 
245 0 0 |a Economics  |h [Recurso electrn̤ico]  
256 |a Servicio en ln̕ea 
260 |a Kiel :   |b Universitaet Kiel,  |c 2007- 
300 |a 1 Recurso electrn̤ico 
506 |d vLex Global  |d vLex Global (Academic Edition, excluding Law Schools)  |d vLex Global (U.S. Academic Edition, Law Schools)  |d vLex Global (U.S. Academic Edition, excluding Law Schools)  |d vLex Global (Academic Edition, Law Schools) 
650 0 4 |a Economa̕  |v Revistas  |z Alemania 
740 |a vLex Revistas (Servicio en ln̕ea) 
856 |a Acceso restringido  |u http://www.vlex.com/source/7186 
942 |c REV 
999 0 |a Economics